[Event "Sochi"]
[Site "Sochi"]
[Date "1982.??.??"]
[Round "1"]
[White "Semkov, Semko"]
[Black "Dvoirys, Semen I"]
[Result "0-1"]
[WhiteElo "2375"]
[BlackElo "2470"]

1.d4 Nf6 2.c4 g6 3.Nf3 Bg7 4.g3 d5 5.cxd5 Nxd5 6.Bg2 Nb6 7.O-O Nc6 8.e3 e5
9.Nxe5 Nxe5 10.dxe5 Qxd1 11.Rxd1 Bxe5 12.Na3 c6 13.Rb1 O-O 14.b3 Be6 15.Bb2 Bxb2
16.Rxb2 Rfd8 17.Rbd2 Rxd2 18.Rxd2 a5 19.Rb2 a4 20.Nc2 a3 21.Rb1 Nd5 22.Bxd5 Bxd5
23.Kf1 Be4 24.Rc1 g5 25.Ke2 g4 26.Kd2 Ra5 27.b4 Rh5 28.Nxa3 Rxh2 29.Ke1 Bd5
30.b5 cxb5 31.Rc5 Bf3 32.Rc1 Rh5 33.Nc2 Kg7 34.Nd4 Kf6 35.Rc2 Be4 36.Rb2 Bc6
37.Rc2 Rh1+ 38.Kd2 Bf3 39.Nxb5 Rf1 40.Kc3 Ke5 41.Nd4 Bd5 42.Nb3 h5 43.Nc5 Ra1
44.Rb2 Rc1+ 45.Rc2 Ra1 46.Rb2 Bxa2 47.Nd3+ Ke4 48.Rb4+ Kf3 49.Ra4 b5 50.Ra5 b4+
51.Nxb4 Kxf2 52.Nc2 Rd1 53.Rxa2 Kxg3 54.Nd4 h4 55.Nf5+ Kh3 56.Ra7 Rf1 57.Nd4  0-1

[Event "Sochi"]
[Site "Sochi"]
[Date "1982.??.??"]
[Round "1"]
[White "Psakhis, Lev"]
[Black "Pigusov, Evgeny"]
[Result "1/2-1/2"]
[WhiteElo "2615"]
[BlackElo "2430"]

1.d4 Nf6 2.c4 e6 3.Nf3 d5 4.Nc3 Be7 5.Bg5 h6 6.Bxf6 Bxf6 7.e3 O-O 8.Qd2 b6
9.Rd1 Ba6 10.cxd5 Bxf1 11.Kxf1 exd5 12.g3 Nc6 13.Kg2 g6 14.Rc1 Ne7 15.b4 a6
16.a4 c6 17.Rhd1 Bg7 18.Ne1 b5 19.Nd3 Nf5 20.Ra1 Qg5 21.Kh1 Rfe8 22.Ra2 h5
23.Rg1 Nd6 24.Qd1 Qf5 25.a5 Bf8 26.Nc5 Nc4 27.g4 hxg4 28.Qxg4 Qf6 29.Nd7 Qg7
30.Qh4 Be7 31.Qf4  1/2-1/2

[Event "Sochi"]
[Site "Sochi"]
[Date "1982.??.??"]
[Round "1"]
[White "Averkin, Orest N"]
[Black "Razuvaev, Yuri S"]
[Result "1-0"]
[WhiteElo "2450"]
[BlackElo "2495"]

1.d4 Nf6 2.c4 e6 3.Nf3 b6 4.e3 Bb7 5.Bd3 d5 6.O-O Bd6 7.Nc3 O-O 8.b3 Nbd7
9.Bb2 a6 10.Rc1 Qe7 11.Ne2 dxc4 12.bxc4 Ne4 13.Nd2 Nxd2 14.Qxd2 e5 15.Ng3 e4
16.Nf5 Bxh2+ 17.Kxh2 Qg5 18.g4 exd3 19.f4 Qd8 20.d5 f6 21.Ba3 Nc5 22.Bxc5 bxc5
23.Kg3 Re8 24.Qxd3 Bc8 25.Rh1 Bxf5 26.gxf5 Qe7 27.Kf3 Rab8 28.Rc2 c6 29.e4 Qd6
30.Rd1 Rb4 31.dxc6 Qxc6 32.Qd5+ Qxd5 33.Rxd5 Rb1 34.Re2 Rf1+ 35.Ke3 Rc8 36.Rd7 Rg1
37.e5 Re8 38.e6 g6 39.Ke4 Rc1 40.Kd5 Rc8 41.fxg6 Rd1+ 42.Ke4 hxg6 43.Rxd1  1-0

[Event "Sochi"]
[Site "Sochi"]
[Date "1982.??.??"]
[Round "1"]
[White "Geller, Efim P"]
[Black "Hazai, Laszlo"]
[Result "1/2-1/2"]
[WhiteElo "2565"]
[BlackElo "2450"]

1.e4 e5 2.Nf3 Nc6 3.Bb5 a6 4.Ba4 Nf6 5.O-O Nxe4 6.d4 b5 7.Bb3 d5 8.dxe5 Be6
9.Nbd2 Nc5 10.c3 Bg4 11.Bc2 Be7 12.Re1 Qd7 13.Nf1 Rd8 14.Ne3 Bh5 15.Nf5 O-O
16.Nxe7+ Nxe7 17.Be3 Ne6 18.Bxh7+ Kxh7 19.Ng5+ Kg6 20.g4 Bxg4 21.Qxg4 Nxg5
22.Qxg5+ Kh7 23.Qh5+ Kg8 24.Bg5 Qf5 25.Re3 Rd7 26.Rae1 Qg6 27.Qg4 Qe6 28.Qg2 d4
29.cxd4  1/2-1/2

[Event "Sochi"]
[Site "Sochi"]
[Date "1982.??.??"]
[Round "2"]
[White "Dvoirys, Semen I"]
[Black "Romanishin, Oleg M"]
[Result "1/2-1/2"]
[WhiteElo "2470"]
[BlackElo "2585"]

1.e4 e5 2.Nf3 Nc6 3.Bb5 a6 4.Ba4 Nf6 5.O-O Be7 6.Re1 d6 7.Bxc6+ bxc6 8.d4 exd4
9.Nxd4 Bd7 10.Qf3 O-O 11.Nc3 Rb8 12.b3 g6 13.Bg5 Nh5 14.Bxe7 Qxe7 15.e5 d5
16.Qe3 Rfe8 17.Nf3 Bg4 18.Na4 Bxf3 19.Qxf3 Qb4 20.Rad1 Re6 21.c3 Qa3 22.Qe3 Rbe8
23.f4 f6 24.Qd4 fxe5 25.fxe5 Ng7 26.Re2 Nf5 27.Qf4 Qe7 28.Rde1 c5 29.b4 cxb4
30.cxb4 a5 31.Nc5 Rc6 32.a3 Rf8 33.e6 axb4 34.axb4 d4 35.Nd7 d3 36.Rd2 Re8
37.Nc5 Rxc5 38.bxc5 Qxc5+ 39.Rf2 Qd4 40.Qxc7 Re7 41.Qb8+ Kg7 42.Qb3 d2 43.Rd1 Ra7
44.h3 h5 45.Qf3 h4 46.Qe2 Ra1 47.Qf3 Rxd1+ 48.Qxd1 Ng3 49.e7 Ne2+ 50.Kf1 Ng3+
51.Kg1  1/2-1/2

[Event "Sochi"]
[Site "Sochi"]
[Date "1982.??.??"]
[Round "2"]
[White "Pigusov, Evgeny"]
[Black "Panchenko, Alexander N"]
[Result "1/2-1/2"]
[WhiteElo "2430"]
[BlackElo "2480"]

1.Nf3 Nf6 2.g3 b5 3.Bg2 Bb7 4.O-O c5 5.b3 e6 6.c4 a6 7.Nc3 b4 8.Na4 Be7 9.Bb2 d6
10.d4 cxd4 11.Qxd4 O-O 12.Rad1 Nbd7 13.Ng5 Bxg2 14.Kxg2 Qc7 15.f3 Rfd8 16.Ne4 Ne8
17.Qe3 Rab8 18.Rd3 Ndf6 19.Rfd1 Qc6 20.Nxf6+ Bxf6 21.Qf4 Bxb2 22.Nxb2 Rb7
23.Qg5 Rc8 24.e4 h6 25.Qf4 Rd7 26.Qe3 a5 27.Na4 Rcd8 28.Qb6 Qxb6 29.Nxb6 Rc7
30.e5 Rc6 31.Na4 Kf8 32.f4 Ke7 33.f5 Nc7 34.fxe6 Nxe6 35.Kf3 dxe5 36.Rxd8 Nxd8
37.Rd5 Rf6+ 38.Ke4  1/2-1/2

[Event "Sochi"]
[Site "Sochi"]
[Date "1982.??.??"]
[Round "2"]
[White "Razuvaev, Yuri S"]
[Black "Semkov, Semko"]
[Result "1-0"]
[WhiteElo "2495"]
[BlackElo "2375"]

1.d4 Nf6 2.c4 e6 3.Nf3 c5 4.d5 exd5 5.cxd5 d6 6.Nc3 g6 7.g3 Bg7 8.Bg2 O-O
9.O-O a6 10.a4 Re8 11.h3 Nbd7 12.Re1 Rb8 13.Bf4 Qc7 14.e4 Nh5 15.Be3 c4 16.a5 b5
17.axb6 Rxb6 18.g4 Nhf6 19.Bxb6 Nxb6 20.Qc2 Nfd7 21.Na4 Nxa4 22.Rxa4 Nb6
23.Ra5 Bb7 24.Bf1 Rc8 25.b3 Nd7 26.Ra3 Qc5 27.Qa2 c3 28.b4 Qb6 29.Bxa6 Bxa6
30.Rxa6 Qxb4 31.Rc6 Rb8 32.Qc4 Qb2 33.Rc8+ Nf8 34.e5 dxe5 35.d6 Qb7 36.d7 Qxd7
37.Rxb8 e4 38.Qxe4 Qc7 39.Rb7 Qc5 40.Re2 h5 41.Rb4  1-0

[Event "Sochi"]
[Site "Sochi"]
[Date "1982.??.??"]
[Round "3"]
[White "Averkin, Orest N"]
[Black "Vaisser, Anatoli"]
[Result "1/2-1/2"]
[WhiteElo "2450"]
[BlackElo "2490"]

1.d4 Nf6 2.Nf3 e6 3.c4 c5 4.d5 exd5 5.cxd5 d6 6.Nc3 g6 7.e4 Bg7 8.Nd2 O-O
9.Be2 Nbd7 10.O-O Re8 11.Qc2 g5 12.a4 Nb6 13.Nc4 Nxc4 14.Bxc4 Nh5 15.Ne2 Qe7
16.Bd3 Bd7 17.Rb1 Be5 18.b4 Rac8 19.bxc5 Rxc5 20.Qd1 b6 21.Be3 Rc7 22.g3 Bh3
23.Re1 Qf6 24.Nd4 Ng7 25.Bb5 Rf8 26.Be2 Qg6 27.Bf3 h5 28.Nc6 Bf4 29.Bd2 Bxd2
30.Qxd2 f6 31.Bg2 Bxg2 32.Kxg2 Rd7 33.a5 bxa5 34.Qxa5 g4 35.Qa4 Qf7 36.Qd4 f5
37.e5 dxe5 38.Qxe5 f4 39.gxf4 Nf5 40.Kh1 Rxd5 41.Qe6 Qxe6  1/2-1/2

[Event "Sochi"]
[Site "Sochi"]
[Date "1982.??.??"]
[Round "3"]
[White "Chandler, Murray G"]
[Black "Pigusov, Evgeny"]
[Result "1/2-1/2"]
[WhiteElo "2505"]
[BlackElo "2430"]

1.e4 c5 2.Nf3 Nc6 3.d4 cxd4 4.Nxd4 g6 5.c4 Nf6 6.Nc3 d6 7.Be2 Nxd4 8.Qxd4 Bg7
9.O-O O-O 10.Bg5 Be6 11.Qe3 Qb6 12.Qd3 Rfc8 13.b3 a6 14.Be3 Qb4 15.Rac1 Rab8
16.Ba7 Ra8 17.Bd4 b5 18.cxb5 axb5 19.Rfd1 Rcb8 20.Rc2 Ra5 21.Qe3 Raa8 22.f4 Qa5
23.h3 b4 24.Na4 Nd7 25.Rdc1 Bxd4 26.Qxd4 Nf8 27.Bg4 Bxg4 28.hxg4 Ne6 29.Qd2 Qa7+
30.Kh2  1/2-1/2

[Event "Sochi"]
[Site "Sochi"]
[Date "1982.??.??"]
[Round "3"]
[White "Semkov, Semko"]
[Black "Hazai, Laszlo"]
[Result "0-1"]
[WhiteElo "2375"]
[BlackElo "2450"]

1.d4 Nf6 2.c4 g6 3.Nf3 Bg7 4.g3 O-O 5.Bg2 d6 6.O-O Nbd7 7.Qc2 Re8 8.Rd1 e5
9.e4 c6 10.Nc3 Qe7 11.b3 a5 12.Be3 Ng4 13.Bg5 Qf8 14.h3 Nh6 15.d5 f5 16.Qd2 Nf7
17.Be3 Nc5 18.Ne1 Ra6 19.Kh2 Rd8 20.Nd3 Nxd3 21.Qxd3 Bh6 22.Rf1 f4 23.Bd2 Qe7
24.Rad1 Rf8 25.dxc6 bxc6 26.Bc1 Ra7 27.Ba3 c5 28.Nb5 Ra6 29.g4 Bg5 30.Qe2 Nd8
31.Qd3 Nf7 32.Qe2 Nd8 33.Qd3 f3 34.Bxf3 Ne6 35.Nxd6 Rxd6 36.Qxd6 Rxf3 37.Qxe7 Bxe7
38.Rde1 Bg5 39.Kg2 Rd3 40.f3 Rd2+ 41.Rf2  0-1

[Event "Sochi"]
[Site "Sochi"]
[Date "1982.??.??"]
[Round "4"]
[White "Tal, Mihail"]
[Black "Chandler, Murray G"]
[Result "1-0"]
[WhiteElo "2610"]
[BlackElo "2505"]

1.Nf3 Nf6 2.c4 e6 3.Nc3 d5 4.d4 c6 5.Bg5 h6 6.Bxf6 Qxf6 7.e3 Nd7 8.Bd3 Qd8
9.O-O Be7 10.e4 dxc4 11.Bxc4 b5 12.Bb3 b4 13.Na4 Ba6 14.d5 exd5 15.Nd4 Rc8
16.exd5 cxd5 17.Re1 O-O 18.Bxd5 Bd6 19.Ne6 fxe6 20.Bxe6+ Kh8 21.Qxd6 Bb5
22.Qxb4 Bxa4 23.Qxa4 Nc5 24.Qxa7 Nxe6 25.Rxe6 Qd2 26.Ree1 Rc2 27.Rf1 Rxb2
28.a4 Qd5 29.Rad1 Qe5 30.Qe3 Qf6 31.Rd2 Rb4 32.Ra2 Qa6 33.a5 Rb5 34.Qe7 Rff5
35.Qd8+ Kh7 36.Qd3 Kh8 37.Re1 Rf8 38.Re5 Rfb8 39.Rxb5 Rxb5 40.Rb2  1-0

[Event "Sochi"]
[Site "Sochi"]
[Date "1982.??.??"]
[Round "4"]
[White "Pigusov, Evgeny"]
[Black "Geller, Efim P"]
[Result "1/2-1/2"]
[WhiteElo "2430"]
[BlackElo "2565"]

1.Nf3 Nf6 2.g3 d5 3.Bg2 c6 4.b3 Bg4 5.Bb2 Nbd7 6.c4 e6 7.O-O Be7 8.d3 O-O
9.Nbd2 Re8 10.a3 a5 11.h3 Bh5 12.Qc2 Bf8 13.Rac1 e5 14.cxd5 cxd5 15.Qc7 e4
16.dxe4 dxe4 17.Nd4 Qxc7 18.Rxc7 Nc5 19.Rc1 b6 20.Nc4 Nd5 21.Rc6 Rab8 22.Nd6 Re7
23.Rd1 Nf6 24.g4  1/2-1/2

[Event "Sochi"]
[Site "Sochi"]
[Date "1982.??.??"]
[Round "5"]
[White "Dvoirys, Semen I"]
[Black "Razuvaev, Yuri S"]
[Result "1/2-1/2"]
[WhiteElo "2470"]
[BlackElo "2495"]

1.e4 c5 2.Nf3 e6 3.d4 cxd4 4.Nxd4 Nf6 5.Nc3 d6 6.Be2 Be7 7.O-O O-O 8.f4 Nc6
9.Be3 e5 10.Nb3 exf4 11.Bxf4 Be6 12.Kh1 d5 13.e5 Nd7 14.Nxd5 Ndxe5 15.c4 Bg5
16.Qc1 Bxf4 17.Nxf4 Bg4 18.Bxg4 Nxg4 19.Nd5 Qd6  1/2-1/2

[Event "Sochi"]
[Site "Sochi"]
[Date "1982.??.??"]
[Round "5"]
[White "Romanishin, Oleg M"]
[Black "Vaisser, Anatoli"]
[Result "1-0"]
[WhiteElo "2585"]
[BlackElo "2490"]

1.Nf3 Nf6 2.c4 c5 3.g3 b6 4.Bg2 Bb7 5.O-O e6 6.Nc3 Be7 7.d4 cxd4 8.Qxd4 d6
9.Bg5 a6 10.Bxf6 Bxf6 11.Qd3 Ra7 12.Rad1 Be7 13.Ne4 O-O 14.Rd2 Nd7 15.Rfd1 Nc5
16.Nxc5 bxc5 17.Ne1 Qa5 18.Bxb7 Rxb7 19.b3 Qc7 20.Qf3 Rb6 21.Nc2 Qc6 22.Qd3 f5
23.e3 Qe4 24.Qe2 Rd8 25.Ne1 Rf8 26.Nd3 g5 27.f3 Qa8 28.Nf2 a5 29.Rd3 a4 30.e4 axb3
31.axb3 Bf6 32.Rxd6 Rxb3 33.exf5 exf5 34.Rxf6 Rxf6 35.Qe7 Rf8 36.Rd7  1-0

[Event "Sochi"]
[Site "Sochi"]
[Date "1982.??.??"]
[Round "6"]
[White "Pigusov, Evgeny"]
[Black "Semkov, Semko"]
[Result "1-0"]
[WhiteElo "2430"]
[BlackElo "2375"]

1.Nf3 c5 2.g3 Nc6 3.c4 Nf6 4.Bg2 e6 5.O-O d5 6.d4 Be7 7.cxd5 Nxd5 8.dxc5 O-O
9.a3 Bxc5 10.b4 Be7 11.Bb2 Bf6 12.Qb3 Bd7 13.Nbd2 Qe7 14.e4 Bxb2 15.Qxb2 Nf6
16.e5 Nd5 17.Ne4 b5 18.Nfd2 a5 19.bxa5 Rfb8 20.Nc3 Nxc3 21.Qxc3 Rc8 22.Nb3 Nxa5
23.Qb4 Qxb4 24.axb4 Nc6 25.Rxa8 Rxa8 26.Rd1 Be8 27.Rc1 Ra6 28.Bxc6 Bxc6 29.Na5 Be8
30.Rc8 Kf8 31.Nb7 Rc6 32.Rxc6 Bxc6 33.Nd6 f6 34.f4 fxe5 35.fxe5 Ke7 36.Kf2 Kd7
37.Ke3 Kc7 38.Kd4 Kb6 39.Nf7 Bd5 40.Ng5 h6 41.Nh3 g5 42.Nf2 Bf3 43.h4 gxh4
44.gxh4 Kc6 45.Nd3 Bd1 46.Nc5 Bg4 47.Ne4 h5 48.Nc5 Bh3 49.Nb3 Bg4 50.Na5+ Kb6
51.Ke3 Kc7 52.Kf4 Bd1 53.Kg5 Kd7 54.Kg6 Bg4 55.Kf6 Bh3 56.Nb3 Kc6 57.Nd4+ Kd5
58.Nxb5 Kc4 59.Nc7 Kxb4 60.Nxe6 Kb5 61.Ng7  1-0

[Event "Sochi"]
[Site "Sochi"]
[Date "1982.??.??"]
[Round "6"]
[White "Ftacnik, Lubomir"]
[Black "Razuvaev, Yuri S"]
[Result "1-0"]
[WhiteElo "2535"]
[BlackElo "2495"]

1.Nf3 Nf6 2.c4 e6 3.Nc3 b6 4.e4 Bb7 5.Bd3 d5 6.cxd5 exd5 7.e5 Nfd7 8.O-O Nc5
9.Bb5+ Bc6 10.Nd4 Bxb5 11.Ncxb5 Qd7 12.e6 Nxe6 13.Re1 Bd6 14.Nxd6+ cxd6 15.Qg4 O-O
16.Nf5 g6 17.b3 h5 18.Qg3 Nc6 19.Bb2 Kh7 20.Rac1 Ne7 21.Qxd6 Qxd6 22.Nxd6 Kg8
23.Bf6 Nc8 24.Nb5 a6 25.Nc3 d4 26.Nd5 Ra7 27.Rc6 Rd7 28.Nxb6 Nxb6 29.Rxb6 Ra8
30.Rc1 g5 31.h4 gxh4 32.Bxh4 Kh7 33.Bg3 Rd5 34.Rd6 Rg5 35.Bh4 Rg4 36.g3 a5
37.Rc4 Re4 38.Kf1 Kg6 39.f3 Re5 40.Rcxd4 Rf5 41.Kf2 a4 42.Rxa4 Rxa4 43.bxa4 Ra5
44.d4 Kf5 45.d5 Ke5 46.Rd7 Nc5 47.Re7+ Kxd5 48.Rxf7 Kd4 49.Kg2 Rxa4 50.Rf4+ Kd3
51.Rxa4 Nxa4 52.Bf6 Nb6 53.Kh3 Nd5 54.Bg5 Nb4 55.a4 Nc6 56.Bf6 Ke3 57.f4 Ke4
58.Kh4 Kf5 59.Bc3 Kg6 60.a5  1-0

[Event "Sochi"]
[Site "Sochi"]
[Date "1982.??.??"]
[Round "6"]
[White "Psakhis, Lev"]
[Black "Geller, Efim P"]
[Result "0-1"]
[WhiteElo "2615"]
[BlackElo "2565"]

1.e4 e5 2.Nf3 Nc6 3.Bb5 a6 4.Ba4 Nf6 5.O-O Be7 6.Re1 b5 7.Bb3 O-O 8.c3 d5
9.exd5 Nxd5 10.Nxe5 Nxe5 11.Rxe5 c6 12.d4 Bd6 13.Re2 Qh4 14.g3 Qh5 15.Nd2 Bh3
16.Re1 Rae8 17.f3 f5 18.c4 Ne3 19.c5+ Kh8 20.Rxe3 Rxe3 21.cxd6 f4 22.Ne4 Rxf3
23.Bxf4 R8xf4 24.d7 Bxd7 25.Nd2 Bh3 26.Nxf3 Rxf3 27.Qd2 Rf8 28.Qe3 Qf5 29.Qe2 c5
30.Bc2 Qd5 31.Qe4 Qxd4+ 32.Qxd4 cxd4 33.Be4 g6 34.Rd1 Kg7 35.Bg2 Bxg2 36.Kxg2 Rc8
37.Rd2 Kf6 38.Rxd4 Rc2+ 39.Kh3 Ke5 40.Rb4 Kd5 41.a3 Kc5 42.Rh4 Rxb2 43.Rxh7 Rb3
44.Rc7+ Kb6 45.Rg7 Rxa3 46.Rxg6+ Kc5 47.Kg4 b4 48.h4 b3 49.Rg8 Ra5 50.Rc8+ Kd4  0-1

[Event "Sochi"]
[Site "Sochi"]
[Date "1982.??.??"]
[Round "6"]
[White "Tal, Mihail"]
[Black "Averkin, Orest N"]
[Result "1/2-1/2"]
[WhiteElo "2610"]
[BlackElo "2450"]

1.c4 e6 2.Nc3 d5 3.d4 Be7 4.Nf3 Nf6 5.Bg5 h6 6.Bh4 O-O 7.e3 Ne4 8.Bxe7 Qxe7
9.Qc2 Nxc3 10.Qxc3 dxc4 11.Bxc4 b6 12.Be2 Bb7 13.Rc1 Rc8 14.O-O Nd7 15.Rfd1 c5
16.Qa3 Rc7 17.Rc3 Rac8 18.Rdc1 Nf6 19.dxc5 Ne4 20.R3c2 Rxc5 21.Rxc5 Rxc5
22.Rxc5 Qxc5 23.Qxc5  1/2-1/2

[Event "Sochi"]
[Site "Sochi"]
[Date "1982.??.??"]
[Round "6"]
[White "Panchenko, Alexander N"]
[Black "Chandler, Murray G"]
[Result "1-0"]
[WhiteElo "2480"]
[BlackElo "2505"]

1.c4 Nf6 2.Nf3 e6 3.g3 d5 4.b3 c5 5.Bg2 Nc6 6.e3 e5 7.cxd5 Nxd5 8.O-O e4
9.Ne1 Qf6 10.Nc2 Qg6 11.f3 Ne5 12.Ne1 Bd6 13.fxe4 Bg4 14.Nf3 Nxf3+ 15.Bxf3 Bxf3
16.Qxf3 Be5 17.d4 cxd4 18.exd5 d3 19.Nd2 Bxa1 20.Ba3 Bc3 21.Qf4 b5 22.Bc5 Rc8
23.Ne4 f5 24.Nd6+ Kd7 25.b4 d2 26.Nxb5 Bb2 27.Nxa7 Rce8 28.Qc4 Rb8 29.Qc2 Qa6
30.Qxf5+ Kd8 31.Nc6+ Kc7 32.Qf7+ Kc8  1-0

[Event "Sochi"]
[Site "Sochi"]
[Date "1982.??.??"]
[Round "7"]
[White "Chandler, Murray G"]
[Black "Ftacnik, Lubomir"]
[Result "1-0"]
[WhiteElo "2505"]
[BlackElo "2535"]

1.e4 c5 2.Nf3 d6 3.d4 cxd4 4.Nxd4 Nf6 5.Nc3 a6 6.Be2 e6 7.O-O Be7 8.f4 O-O
9.Kh1 Qc7 10.Qe1 b5 11.Bf3 Bb7 12.e5 Ne8 13.f5 dxe5 14.fxe6 Bxf3 15.exf7+ Rxf7
16.Nxf3 Nd7 17.Bg5 Bxg5 18.Nxg5 Rxf1+ 19.Qxf1 Nef6 20.Rd1 Re8 21.Qf5 Nf8
22.Nge4 Nxe4 23.Qxe4 Ng6 24.a4 Qc4 25.axb5 axb5 26.g3 Qxe4+ 27.Nxe4 Ne7 28.c3 h6
29.Rd7 Nf5 30.Kg2 b4 31.g4 Ne3+ 32.Kf3 Nc4 33.cxb4 Rb8 34.b3 Na3 35.Nd6 Rxb4
36.Rb7 Rf4+ 37.Kg3 Nc2 38.Nf5 Nd4 39.Rxg7+ Kf8 40.Nxd4 Rxd4 41.Rb7 Rd3+ 42.Kf2 Rd2+
43.Ke3 Rxh2 44.Ke4 h5 45.g5 Rg2 46.Kxe5 Rf2 47.Rh7 Rb2 48.Kf6 Rf2+ 49.Kg6 Rb2
50.Rf7+ Ke8 51.Rf3 h4 52.Kh7  1-0

[Event "Sochi"]
[Site "Sochi"]
[Date "1982.??.??"]
[Round "7"]
[White "Averkin, Orest N"]
[Black "Psakhis, Lev"]
[Result "0-1"]
[WhiteElo "2450"]
[BlackElo "2615"]

1.d4 Nf6 2.Nf3 e6 3.c4 c5 4.d5 exd5 5.cxd5 d6 6.Nc3 g6 7.e4 Bg7 8.Nd2 O-O
9.Be2 Na6 10.O-O Qe7 11.Re1 Nc7 12.a4 b6 13.a5 Bd7 14.Bf3 b5 15.e5 Rae8 16.Nf1 b4
17.exf6 Qxe1 18.fxg7 Kxg7 19.Bd2 Qxd1 20.Nxd1 f5 21.Nde3 Bb5 22.Rc1 Rf7 23.Nc4 Bxc4
24.Rxc4 Nb5 25.Be3 f4 26.Bxf4 Re1 27.Bg4 Na3 28.bxa3 Rxf4 29.Rxf4 b3 30.Be6 b2
31.Rf7+ Kh6 32.Rb7 b1=Q 33.Rxb1 Rxb1 34.f4 c4 35.Kf2 c3 36.Ne3 c2 37.Nxc2 Rb2
38.Kf3 Rxc2 39.h4 Rc3+ 40.Ke4 Rxa3 41.Bd7 Rxa5 42.f5 gxf5+ 43.Kxf5 Rxd5+
44.Ke6 Rd4 45.g3 Kg7 46.Bc6 a5  0-1

[Event "Sochi"]
[Site "Sochi"]
[Date "1982.??.??"]
[Round "7"]
[White "Razuvaev, Yuri S"]
[Black "Hazai, Laszlo"]
[Result "1/2-1/2"]
[WhiteElo "2495"]
[BlackElo "2450"]

1.d4 g6 2.e4 Bg7 3.Nf3 d6 4.Be2 Nf6 5.Nc3 O-O 6.O-O c6 7.h3 Nbd7 8.e5 dxe5
9.dxe5 Nd5 10.Nxd5 cxd5 11.Bf4 Qc7 12.Qxd5 Qxc2 13.Bb5 Qf5 14.Bg3 Nb6 15.Qc5 Bd7
16.Bxd7 Nxd7 17.Qd5 Rfb8 18.Nd4 Nb6 19.Qb3 Qd7 20.Rad1 Qa4 21.Nb5 Rd8 22.Qxa4 Nxa4
23.b3 Rxd1 24.Rxd1 Nb6 25.f4 Bh6 26.Nc7 Rc8 27.Nd5 Nxd5 28.Rxd5 Rc1+ 29.Kh2 Rc2
30.Rd8+ Bf8 31.Bh4 Kg7 32.Rd7 Rxa2 33.Bxe7 Bxe7 34.Rxe7 Kg8 35.Rxb7 a5 36.Kg3 a4
37.bxa4 Rxa4 38.Kg4 h6 39.h4 Ra2 40.g3 Rg2 41.h5 gxh5+ 42.Kf3 Ra2 43.Rb8+ Kg7
44.f5 Ra4 45.Rb7 Kf8 46.f6 Ke8 47.Re7+ Kf8 48.Rd7 Ke8 49.Re7+ Kf8 50.Rd7 Ke8
51.Rd2 Rb4 52.Rh2 Kd7 53.Rxh5 Ke6 54.g4 Rb3+ 55.Kf4 Rb4+ 56.Kg3 Re4  1/2-1/2

[Event "Sochi"]
[Site "Sochi"]
[Date "1982.??.??"]
[Round "7"]
[White "Romanishin, Oleg M"]
[Black "Pigusov, Evgeny"]
[Result "1-0"]
[WhiteElo "2585"]
[BlackElo "2430"]

1.d4 Nf6 2.Nf3 e6 3.g3 d5 4.Bg2 Be7 5.O-O O-O 6.c4 dxc4 7.Na3 b6 8.Nd2 Nd5
9.Naxc4 b5 10.Ne5 Bb7 11.Nb3 a5 12.Bd2 b4 13.Rc1 Ra7 14.Qc2 Nd7 15.e4 Nxe5
16.dxe5 a4 17.Nc5 Nc3 18.bxc3 Bxc5 19.cxb4 Bb6 20.a3 Ba6 21.Rfe1 Bd3 22.Qb2 Bb5
23.Rcd1 Qe7 24.Qc1 h6 25.Be3 Rd8 26.Rxd8+ Qxd8 27.Rd1 Qe7 28.Bf1 Bxf1 29.Kxf1 Qe8
30.Bxb6 Qb5+ 31.Kg2 cxb6 32.Qc3 Kh7 33.Rd6 Qe2 34.Qc6 b5 35.h4 Qb2 36.Qc5 Rb7
37.Rd8 Qe2 38.Qc6 Re7 39.Rb8 Qd1 40.Rxb5 Rd7 41.Rb7 Rxb7 42.Qxb7 Qd3 43.Qxf7 Qxa3
44.Qxe6 Qxb4 45.Qf5+ Kg8 46.e6 Qb7 47.Qe5 Qa8 48.f3 a3 49.Qc7 a2 50.Qf7+ Kh7
51.e7 a1=Q 52.e8=Q Qb2+ 53.Kh3 Qxe8 54.Qxe8 Qf6 55.Qh5 g6 56.Qg4 Qd4 57.h5  1-0

[Event "Sochi"]
[Site "Sochi"]
[Date "1982.??.??"]
[Round "8"]
[White "Panchenko, Alexander N"]
[Black "Averkin, Orest N"]
[Result "1/2-1/2"]
[WhiteElo "2480"]
[BlackElo "2450"]

1.Nf3 Nf6 2.c4 e6 3.g3 b6 4.Bg2 Bb7 5.O-O c5 6.b3 Be7 7.Bb2 O-O 8.e3 d6 9.d3 Nbd7
10.Nc3 Qc7 11.Nb5 Qb8 12.Qe2 a6 13.Nc3 Qc7 14.Rac1 Rac8 15.Rfd1 Qb8 16.d4 Rfe8
17.e4 cxd4 18.Nxd4 Bf8 19.Re1 Qa8 20.Rcd1 g6 21.h3 Rcd8 22.Qc2 Bg7 23.Rd2 Nc5
24.Rde2 Rc8 25.Qd1 Red8 26.Qb1 Re8 27.Qd1 Red8 28.Qb1 Re8 29.Kh2 Rcd8 30.Qc2 Rc8
31.Qd1 Red8 32.Qb1 Re8 33.f3 Qb8 34.Rd2 h5 35.Kh1 Rcd8 36.Qc2 Rc8 37.Qb1 Ba8
38.Rdd1 Red8 39.Rd2 Re8 40.Rdd1 Rcd8 41.Qc2  1/2-1/2

[Event "Sochi"]
[Site "Sochi"]
[Date "1982.??.??"]
[Round "9"]
[White "Semkov, Semko"]
[Black "Panchenko, Alexander N"]
[Result "0-1"]
[WhiteElo "2375"]
[BlackElo "2480"]

1.d4 Nf6 2.c4 e6 3.Nc3 d5 4.Bg5 c6 5.e3 Nbd7 6.cxd5 exd5 7.Bd3 Be7 8.Nf3 O-O
9.Qc2 Re8 10.O-O Nf8 11.Rae1 Ne4 12.Bxe7 Qxe7 13.Bxe4 dxe4 14.Nd2 f5 15.f3 exf3
16.Nxf3 Be6 17.e4 fxe4 18.Qxe4 Rad8 19.Re2 Ng6 20.Rfe1 Qd7 21.Kh1 Bf7 22.Ne5 Nxe5
23.dxe5 Be6 24.Qh4 Rf8 25.h3 b6 26.a3 h6 27.Ne4 Bd5 28.Nc3 Be6 29.Re3 Qd4
30.Qe7 Qd7 31.Qh4 Qd4 32.Qe7 Rde8 33.Qd6 Qxd6 34.exd6 Bd7 35.Kg1 Rxe3 36.Rxe3 Rf6
37.Rd3 Kf7 38.b4 Ke8 39.Re3+ Re6 40.Rd3 Bc8 41.Rd4  0-1

[Event "Sochi"]
[Site "Sochi"]
[Date "1982.??.??"]
[Round "9"]
[White "Averkin, Orest N"]
[Black "Chandler, Murray G"]
[Result "1-0"]
[WhiteElo "2450"]
[BlackElo "2505"]

1.d4 Nf6 2.Nf3 d5 3.c4 e6 4.Nc3 Be7 5.Bg5 h6 6.Bh4 O-O 7.e3 b6 8.Qc2 Bb7
9.Bxf6 Bxf6 10.cxd5 exd5 11.O-O-O c5 12.dxc5 Bxc3 13.Qxc3 Nd7 14.c6 Bxc6
15.Kb1 Rc8 16.Qd4 Re8 17.Bd3 Qe7 18.Qf4 Nc5 19.Bf5 Rc7 20.Nd4 Ba4 21.Rc1 Bd7
22.Rhd1 a5 23.Bc2 Rec8 24.Nf5 Bxf5 25.Bxf5 Rd8 26.Rd2 Rc6 27.Rcd1 Rcd6 28.Bc2 Rf6
29.Qd4 Re6 30.g3 Rdd6 31.h4 Re5 32.Qc3 g6 33.Rd4 h5 34.a4 Ne6 35.R4d2 Nc5
36.Ka1 Rd8 37.Kb1 Rd6 38.Rd4 Ne6 39.f4 Rf5 40.R4d2 d4 41.exd4 Rfd5 42.Be4 Nxf4
43.Qf3 f5 44.Bxd5+ Nxd5 45.Re2 Qd7 46.Rde1 Kf7 47.Qb3 Kf8 48.Re5 Nc7 49.Qe3  1-0

[Event "Sochi"]
[Site "Sochi"]
[Date "1982.??.??"]
[Round "9"]
[White "Dvoirys, Semen I"]
[Black "Pigusov, Evgeny"]
[Result "1/2-1/2"]
[WhiteElo "2470"]
[BlackElo "2430"]

1.e4 c5 2.Nf3 Nc6 3.d4 cxd4 4.Nxd4 g6 5.c4 Nf6 6.Nc3 Nxd4 7.Qxd4 d6 8.Bg5 Bg7
9.Rc1 O-O 10.Qd2 Be6 11.f3 a6 12.b3 Qa5 13.Nd5 Qd8 14.Nxf6+ Bxf6 15.Bxf6 exf6
16.Rd1 b5 17.cxb5 axb5 18.Bxb5 Qb6 19.Ba4 Rfc8 20.Rf1 f5 21.Qd4 Qa5+ 22.Qd2 Qb6
23.Rf2 fxe4 24.fxe4 Bg4 25.Ra1 Qc5 26.Rb1 Qb6 27.Qd3 Ra5 28.h3 Be6 29.Rd1 Qb4+
30.Rfd2 Re5 31.Kf1 Bc4 32.bxc4 Qxa4 33.Rc1 Qc6 34.Qxd6 Qxe4 35.Qd4 Qf5+ 36.Rf2 Re4
37.Qa7 Rexc4 38.Re1 Rf4  1/2-1/2

[Event "Sochi"]
[Site "Sochi"]
[Date "1982.??.??"]
[Round "9"]
[White "Hazai, Laszlo"]
[Black "Vaisser, Anatoli"]
[Result "1/2-1/2"]
[WhiteElo "2450"]
[BlackElo "2490"]

1.e4 c5 2.Nf3 e6 3.d4 cxd4 4.Nxd4 Nf6 5.Nc3 Nc6 6.Ndb5 d6 7.Bf4 e5 8.Bg5 a6
9.Na3 b5 10.Nd5 Be7 11.Bxf6 Bxf6 12.c3 O-O 13.Nc2 Rb8 14.Be2 Bg5 15.O-O a5
16.b4 Be6 17.a4 bxa4 18.Rxa4 axb4 19.Ncxb4 Nxb4 20.cxb4 Qd7 21.b5  1/2-1/2

[Event "Sochi"]
[Site "Sochi"]
[Date "1982.??.??"]
[Round "10"]
[White "Ftacnik, Lubomir"]
[Black "Vaisser, Anatoli"]
[Result "0-1"]
[WhiteElo "2535"]
[BlackElo "2490"]

1.Nf3 d5 2.d4 Bf5 3.c4 e6 4.Qb3 Nc6 5.Bd2 Rb8 6.e3 Nf6 7.c5 a6 8.Qa4 Nd7
9.b4 Ra8 10.Be2 Be7 11.O-O O-O 12.Nc3 Bf6 13.Qb3 g5 14.a4 g4 15.Ne1 Bg5 16.Qd1 Nf6
17.f4 gxf3 18.Nxf3 Bh6 19.b5 axb5 20.axb5 Rxa1 21.Qxa1 Ne7 22.Ne5 Nd7 23.Ng4 Bxg4
24.Bxg4 f5 25.Bf3 b6 26.c6 Nf6 27.Nd1 Ne8 28.Be1 Nd6 29.Be2 Ng6 30.Bb4 Rf7
31.Qa3 Bf8 32.Nb2 Qg5 33.Rf3 Ne4 34.Bf1 Nh4 35.Rf4 Nxg2  0-1

[Event "Sochi"]
[Site "Sochi"]
[Date "1982.??.??"]
[Round "10"]
[White "Panchenko, Alexander N"]
[Black "Romanishin, Oleg M"]
[Result "1/2-1/2"]
[WhiteElo "2480"]
[BlackElo "2585"]

1.e4 e5 2.Nf3 Nc6 3.Bb5 a6 4.Ba4 Nf6 5.O-O Be7 6.Re1 b5 7.Bb3 O-O 8.c3 d6
9.d4 Bg4 10.Be3 Bh5 11.h3 Re8 12.Nbd2 h6 13.d5 Na5 14.Bc2 c5 15.b3 Nh7 16.b4 Nb7
17.Qb1 Qc7 18.a4 Reb8 19.axb5 axb5 20.Rxa8 Rxa8 21.bxc5 Nxc5 22.Qxb5 Rc8
23.Rb1 Nf6 24.Bxc5 Qxc5 25.Qxc5 Rxc5 26.c4 Bxf3 27.gxf3 Nh5 28.Rb8+ Kh7 29.Rb5 Nf4
30.Rxc5 dxc5 31.Nb3 Kg8 32.Na5 Bd8 33.Nb7 Bb6 34.Kh2 Kf8 35.Ba4 Ke7 36.h4 h5
37.Bb5 Nd3 38.Kg3 Nf4 39.Bc6 Ne2+ 40.Kg2 Nf4+ 41.Kh2 Ng6 42.d6+  1/2-1/2

[Event "Sochi"]
[Site "Sochi"]
[Date "1982.??.??"]
[Round "10"]
[White "Pigusov, Evgeny"]
[Black "Razuvaev, Yuri S"]
[Result "1/2-1/2"]
[WhiteElo "2430"]
[BlackElo "2495"]

1.Nf3 Nf6 2.g3 d5 3.Bg2 e6 4.O-O Be7 5.d4 O-O 6.c4 dxc4 7.Qc2 a6 8.a4 Bd7
9.Rd1 Bc6 10.Nc3 Bxf3 11.Bxf3 Nc6 12.Bxc6 bxc6 13.a5 Qb8 14.Qa4  1/2-1/2

[Event "Sochi"]
[Site "Sochi"]
[Date "1982.??.??"]
[Round "11"]
[White "Dvoirys, Semen I"]
[Black "Psakhis, Lev"]
[Result "1-0"]
[WhiteElo "2470"]
[BlackElo "2615"]

1.e4 e6 2.d4 d5 3.Nd2 c5 4.exd5 exd5 5.Bb5+ Bd7 6.Qe2+ Be7 7.dxc5 Nf6 8.Nb3 O-O
9.Bg5 Re8 10.O-O-O a6 11.Bxd7 Nbxd7 12.Nh3 Bxc5 13.Qf3 Bf8 14.Rxd5 Qc7 15.Rdd1 Rac8
16.c3 a5 17.Qf4 Qc6 18.Bxf6 Nxf6 19.Qf3 Qa6 20.Nd4 a4 21.Qd3 Rc4 22.Kb1 Rec8
23.Rc1 b5 24.Nf4 Qb7 25.a3 Ne4 26.Rhe1 Nc5 27.Qf5 g6 28.Qe5 Bg7 29.Qd5 Qb6
30.Qg5 Bf6 31.Nd5 Bxg5 32.Nxb6 Bxc1 33.Nxc8 Nd3 34.Re8+ Kg7 35.Kc2 Bxb2 36.Nxb5 Rc5
37.Ncd6 Bxa3 38.Kxd3 Bb2 39.Ra8 a3 40.c4 Rc6  1-0